Huấn luyện thể lực cho cầu thủ bóng đá

Vai trò của các tố chất thể lực trong bóng đá hiện đại. Phương pháp huấn luyện các tố chất thể lực. Các bài tập phát triển tố chất thể lực: sức mạnh, sức bền, sức bền, sức nhanh, sức bật, khéo léo

Guardat en:
Dades bibliogràfiques
Autor principal: Trần Duy Long
Altres autors: Trần Duy Ly (Tác giả)
Format: Llibre
Idioma:Vietnamese
Publicat: H. Thể dục thể thao 1979
Matèries:
Etiquetes: Afegir etiqueta
Sense etiquetes, Sigues el primer a etiquetar aquest registre!
Thư viện lưu trữ: Mạng thư viện Đại học Đà Nẵng
LEADER 01378nam a2200349 4500
001 000009451
003 5648
005 20111027151000.0
008 111027s1979 viesd
041 0 |a vie 
082 |a 796.077  |b TR-L 
100 0 |a Trần Duy Long 
245 0 |a Huấn luyện thể lực cho cầu thủ bóng đá  |c Trần Duy Long, Trần Duy Ly 
260 |a H.  |b Thể dục thể thao  |c 1979 
300 |a 90tr.  |c 19 cm 
520 |a Vai trò của các tố chất thể lực trong bóng đá hiện đại. Phương pháp huấn luyện các tố chất thể lực. Các bài tập phát triển tố chất thể lực: sức mạnh, sức bền, sức bền, sức nhanh, sức bật, khéo léo 
653 |a huấn luyện 
653 |a thể lực 
653 |a sức khoẻ 
653 |a bóng đá 
700 |a Trần Duy Ly  |e Tác giả 
910 |a Võ Quang Huy  |d 27/10/2011 
OWN |a LSP 
AVA |a UDN50  |b LSP  |d 796.077 TR-L  |e unavailable  |t Error 5002 Not defined in file expand_doc_bib_avail.  |f 1  |g 1  |h N  |i 0  |k 1 
999 |a From the UDN01 
AVA |a UDN50  |b LSP  |d 796.077 TR-L  |e unavailable  |t Error 5002 Not defined in file expand_doc_bib_avail.  |f 1  |g 1  |h N  |i 0  |k 1 
TYP |a Monograph 
TYP |a Printed language 
980 |a Mạng thư viện Đại học Đà Nẵng